Fr. Conceicao Rodrigues College of Engineering

Digital signal processing and applications with the C6713 and C6416 DSK (Record no. 29715)

MARC details
000 -LEADER
fixed length control field 00354nam a2200145Ia 4500
082 ## - DEWEY DECIMAL CLASSIFICATION NUMBER
Classification number 621.3822/CHA
Item number CHA
100 ## - MAIN ENTRY--PERSONAL NAME
Personal name Chassiang/Rulph
245 ## - TITLE STATEMENT
Title Digital signal processing and applications with the C6713 and C6416 DSK
260 ## - PUBLICATION, DISTRIBUTION, ETC.
Name of publisher, distributor, etc. Wiley Interscience
Date of publication, distribution, etc. 2005
300 ## - PHYSICAL DESCRIPTION
Extent 518
546 ## - LANGUAGE NOTE
Language note ENGLISH
650 ## - SUBJECT ADDED ENTRY--TOPICAL TERM
Topical term or geographic name entry element DSP
654 ## - SUBJECT ADDED ENTRY--FACETED TOPICAL TERMS
Focus term DSP
942 ## - ADDED ENTRY ELEMENTS (KOHA)
Koha item type Reference Book
Holdings
Withdrawn status Lost status Damaged status Not for loan Collection Home library Current library Shelving location Date acquired Source of acquisition Total Checkouts Full call number Barcode Date due Date last seen Date last checked out Price effective from Koha item type
        CRC Fr. Agnel's C.Rodrigues College of Engineering Fr. Agnel's C.Rodrigues College of Engineering   17/03/2023 Books Academy 1 621.3822/CHA CHA 17081 16/08/2026 18/05/2026 18/05/2026   Reference Book